Preparing for take-off (Record no. 84687)

MARC details
000 -LEADER
fixed length control field 00840cab a22001935a 4500
001 - CONTROL NUMBER
control field L158769
008 - FIXED-LENGTH DATA ELEMENTS--GENERAL INFORMATION
fixed length control field 150717e20150704xxk 000 0 eng d
035 ## - SYSTEM CONTROL NUMBER
System control number (Sirsi) u158769
041 0# - LANGUAGE CODE
Language code of text/sound track or separate title eng
100 1# - MAIN ENTRY--PERSONAL NAME
Personal name Grekos, Martha
245 00 - TITLE STATEMENT
Title Preparing for take-off
260 ## - PUBLICATION, DISTRIBUTION, ETC.
Date of publication, distribution, etc. 2015
490 ## - SERIES STATEMENT
Series statement Estates Gazette
Volume/sequential designation (1526) 4 July 2015, 84-86(3)
520 ## - SUMMARY, ETC.
Summary, etc. Examines the two main methods of approval for the UK's next airport runway; a development consent order under the Planning Act 2008 and a hybrid bill examining in parliament by a combination of both public bill and private bill procedures. Notes that whatever consenting route is chosen the risks associated with the process and the potential delay are equal to both options.
590 ## - LOCAL NOTE (RLIN)
Local note KA
651 #4 - SUBJECT ADDED ENTRY--GEOGRAPHIC NAME
Geographic name United Kingdom
690 ## - LOCAL SUBJECT ADDED ENTRY--TOPICAL TERM (OCLC, RLIN)
Topical term or geographic name as entry element Planning and development
9 (RLIN) 6259
942 ## - ADDED ENTRY ELEMENTS (KOHA)
Suppress in OPAC 0
Holdings
Withdrawn status Lost status Source of classification or shelving scheme Damaged status Not for loan Home library Current library Shelving location Date acquired Total Checkouts Full call number Barcode Date last seen Copy number Price effective from Koha item type
    Dewey Decimal Classification     London London Journal article 17/07/2015   L158769 158769-1001 06/08/2019 1 06/08/2019 Journal article